| 000 | 00631nam a22001937a 4500 | ||
|---|---|---|---|
| 003 | OSt | ||
| 005 | 20251126091347.0 | ||
| 008 | 251126b |||||||| |||| 00| 0 eng d | ||
| 020 | _a0-534-59205-8. | ||
| 040 |
_aDWCL-Main lib _cOC |
||
| 082 | _aCirc. 302 M647i 2006 | ||
| 100 | _aMiller, Dale T. | ||
| 245 |
_aAn invitation to social psychology : _bexpressing and censoring the self _cMiller, Dale T. |
||
| 260 |
_aBelmont, Ca. : _bThomson/Wadsworth, _cc2006. |
||
| 300 |
_axii, 162 pages ; _c23 cm. |
||
| 504 | _aIncludes bibliographical references and index. | ||
| 650 | _21. Social psychology. | ||
| 942 |
_2ddc _cBK-CIRC _kCirc. _n0 |
||
| 999 |
_c6352 _d6352 |
||